宮崎県の戦前市制・町制 - Statistics

General Stats
  • This quiz has been taken 98 times
  • The average score is 22 of 31
Answer Stats
施行日 施行内容 所属郡 回答 % Correct
1889.05.01 町制 宮崎郡 宮崎町
98%
1889.05.01 町制 北諸県郡 都城町
98%
1912.11.05 町制 西諸県郡 小林町
98%
1920.04.01 町制 西臼杵郡 高千穂町
98%
1889.05.01 町制 東臼杵郡 延岡町
96%
1901.02.07 町制 児湯郡 高鍋町
96%
1924.04.01 市制 (市) 宮崎市
96%
1924.04.01 市制 (市) 都城市
96%
1933.02.11 市制 (市) 延岡市
96%
1889.05.01 町制 南那珂郡 油津町
93%
1901.07.12 町制 宮崎郡 佐土原町
93%
1900.01.01 町制 南那珂郡 飫肥町
84%
1935.02.11 町制 東臼杵郡 門川町
84%
1932.10.01 町制 東諸県郡 綾町
82%
1898.10.26 町制 児湯郡 美々津町
76%
1920.08.01 町制 児湯郡 都農町
76%
1926.10.01 町制 南那珂郡 福島町
73%
1934.10.05 町制 西諸県郡 高原町
71%
1940.04.03 町制 西諸県郡 飯野町
64%
1940.12.01 町制 南那珂郡 南郷町
62%
1940.02.11 町制 北諸県郡 高崎町
60%
1920.04.01 町制 東諸県郡 高岡町
58%
1941.01.01 町制 南那珂郡 細島町
53%
1934.02.11 町制 北諸県郡 高城町
51%
1921.10.01 町制 東臼杵郡 富高町
49%
1917.02.11 町制 宮崎郡 大淀町
40%
1924.05.15 町制 北諸県郡 庄内町
40%
1889.05.01 町制 東臼杵郡 細田町
38%
1924.04.01 町制 児湯郡 下穂北町
36%
1926.04.01 町制 宮崎郡 赤江町
36%
1919.03.01 町制 東諸県郡 本庄町
33%
No matching quizzes found
Score Distribution
Percent of People with Each Score
Percentile by Number Answered
Your Score History
You have not taken this quiz